000 00932nam a22002657a 4500
001 4529
003 FISKH
005 20240913111158.0
008 240913b cb ||||| |||| 00| 0 eng d
020 _a1593400802
040 _aFISKH
_beng
_cFISKH
_dFISKH
050 _aQL596.L28
082 _a597.92
100 _aPress, Son Schein
_eauthor
245 _aIncredible Inchworm :
_bA glow in the dark board book /
_cby Son Schein Press
260 _aUnited States :
_bGreenbrier International, Inc ;
_c2006.
300 _a10 unnumbered pages :
_bcolor illustrations ;
_c16cm .
505 _aG
520 _a"Join me on a little trip tonight, as I walk behind a twinkling light. Oh look! It's the fascinating firefly, soaring away across the starry sky!"--Cover verso.
521 8 _a400
_bLexile estimate
521 8 _aG
_bRaz-Plus
650 _ainsects
_vnon-fiction
942 _2ddc
_cBK
_n0
999 _c4529
_d4529